Ana Karenina
Saved in:
| Hovedforfatter: | |
|---|---|
| Format: | Bog |
| Sprog: | spansk |
| Udgivet: |
Ciudad de México
Porrua
1976
|
| Udgivelse: | 2a. ed |
| Serier: | Sepan cuantos, 205
|
| Fag: | |
| Tags: |
Tilføj Tag
Ingen Tags, Vær først til at tagge denne postø!
|
MARC
| LEADER | 00000nam a2200000 a 4500 | ||
|---|---|---|---|
| 001 | UCX4005 | ||
| 003 | CL-VaPUC | ||
| 008 | 920310e19760000MX |||||||||||||||||spa|d | ||
| 082 | 0 | 4 | |a 891.703 |b TOL |2 21 |
| 100 | 0 | |a Tolstoi, León Graf |e author |9 320188 | |
| 245 | 1 | 0 | |a Ana Karenina |
| 250 | |a 2a. ed | ||
| 300 | |a 483 p | ||
| 942 | |c BK | ||
| 945 | |d 19920310 00:00:00 | ||
| 260 | |a Ciudad de México |b Porrua |c 1976 | ||
| 650 | 0 | |a Novelas rusas |9 316330 | |
| 583 | |a last modification |c 19920310 00:00:00 |k Rodrigo Vera | ||
| 490 | 0 | |a Sepan cuantos, 205 | |
| 999 | |c 224603 |d 224601 | ||
| 952 | |0 0 |1 0 |4 0 |6 891_703000000000000_TOL_1976 |7 0 |8 A |9 221347 |a BIBEDU |b BIBEDU |d 2019-11-15 |i 2901323 |o 891.703 TOL 1976 |p 2901323 |r 2019-11-15 |w 2019-11-15 |y BK |k LIT | ||
| 952 | |0 0 |1 0 |4 0 |6 891_703000000000000_TOL_1976 |7 0 |8 P |9 221348 |a BIBARQ |b BIBARQ |d 2019-11-15 |i 3027414 |o 891.703 TOL 1976 |p 3027414 |r 2025-01-20 |w 2019-11-15 |y BK |k ARQ | ||